000 00522njm a2200205 i 4500
001 C2-0330247
003 PPAK
005 20180729163434.0
008 150406s2014 xx |||| ||||| | eng d
020 _a9781467683739
040 _aPPAK
_beng
_cPPAK
_erda
245 0 4 _aThe adventures of Tom Sawyer
264 1 _bPlayaway ,
_c2014
336 _2rdacontent
_atext
337 _2rdamedia
_aunmediated
338 _2rdacarrier
_avolume
500 _a1 unit Playaway audiobook
650 1 0 _aAudiobooks.
942 _ddc
_cB
999 _c164006
_d164006